Normal view MARC view
  • Gazalba, Sidi,

Entry Personal Name

Number of records used in: 1

001 - CONTROL NUMBER

  • control field: 2751

003 - CONTROL NUMBER IDENTIFIER

  • control field: OSt

005 - DATE AND TIME OF LATEST TRANSACTION

  • control field: 20170509134803.0

008 - FIXED-LENGTH DATA ELEMENTS

  • fixed length control field: 170509|| aca||aabn | a|a d

040 ## - CATALOGING SOURCE

  • Original cataloging agency: OSt
  • Transcribing agency: OSt

100 ## - HEADING--PERSONAL NAME

  • Personal name: Gazalba, Sidi,
  • Dates associated with a name: 1924-

670 ## - SOURCE DATA FOUND

  • Source citation: Work cat.: (OSt)0: Gazalba, Sidi, 1924-, Di ambang pintu perkahwinan /, 1976
Pusat Sumber Maklumat Dato' Haji Sarmin Md Hussin, Akademi Kastam Diraja Malaysia, Melaka
Tel: 06-2331106 | Faks: 06-2313787